[Event "FRM-chT2"]
[Site "Struga"]
[Date "2024.07.12"]
[Round "8.5"]
[White "Kalin, Andrei"]
[Black "Markovski, Marko"]
[Result "0-1"]
[WhiteElo "1749"]
[BlackElo "1456"]
[PlyCount "74"]
[EventDate "2024.07.07"]
[EventType "team-tourn"]
[EventRounds "9"]
[EventCountry "MKD"]
[SourceTitle "EXT 2025"]
[Source "ChessBase"]
[SourceDate "2024.10.14"]
[SourceVersion "1"]
[SourceVersionDate "2024.10.14"]
[SourceQuality "1"]

1. d4 Nf6 2. Bf4 d6 3. Nf3 Nbd7 4. c4 Nh5 5. Bg3 Nxg3 6. hxg3 e5 7. d5 e4 8. Nd4 g6 9. Nc3 Nf6 10. e3 Bg7 11. Qc2 Qe7 12. Be2 h5 13. b4 Bd7 14. Rb1 0-0 15. a4 Rae8 16. Ndb5 a6 17. Nd4 Ng4 18. Bxg4 Bxg4 19. Nde2 Bf6 20. b5 h4 21. b6 Bxe2 22. Nxe2 g5 23. gxh4 gxh4 24. Nc3 Qe5 25. Ne2 cxb6 26. Rxb6 Rc8 27. Rxb7 Qa1+ 28. Nc1 Rb8 29. Rxb8 Rxb8 30. 0-0 Qe5 31. Qe2 Kh7 32. f3 Qg5 33. fxe4 h3 34. Qf3 hxg2 35. Qxg2 Qxe3+ 36. Kh1 Rb2 37. Qg4 Qh6+ 0-1

[Event "FRM-ch U16"]
[Site "Struga"]
[Date "2023.06.23"]
[Round "9"]
[White "Boshkovski, Nikola"]
[Black "Markovski, Marko"]
[Result "1-0"]
[WhiteElo "1665"]
[BlackElo "1096"]
[PlyCount "70"]
[EventDate "2023.06.17"]
[EventType "swiss"]
[EventRounds "9"]
[EventCountry "MKD"]
[SourceTitle "EXT 2024"]
[Source "ChessBase"]
[SourceDate "2023.10.10"]
[SourceVersion "1"]
[SourceVersionDate "2023.10.10"]
[SourceQuality "1"]

1. d4 Nf6 2. g3 d5 3. Bg2 b6 4. Nf3 Bb7 5. 0-0 Nbd7 6. e3 e6 7. b3 a5 8. a4 Ne4 9. Nfd2 Ndf6 10. Nxe4 Nxe4 11. c4 Ba6 12. Nd2 Nc3 13. Qc2 Bb4 14. Bb2 dxc4 15. Bc6+ Kf8 16. Bxc3 cxb3 17. Bxb4+ axb4 18. Qxb3 Bxf1 19. Qxb4+ Kg8 20. Bxa8 Qxa8 21. Rxf1 h5 22. Rc1 h4 23. Rxc7 hxg3 24. fxg3 Rh6 25. Qc4 Qa5 26. Qc2 g6 27. Rc8+ Kg7 28. Qc3 Qh5 29. d5+ e5 30. Nf3 Qxf3 31. Qxe5+ Qf6 32. Rg8+ Kxg8 33. Qxf6 Rh7 34. d6 Rg7 35. d7 Kh7 1-0